[Event "TCh-CHN 2012"]
[Site "Taizhou CHN"]
[Date "2012.06.27"]
[Round "5.4"]
[White "Gu, Xiaobing"]
[Black "Danielian, Elina"]
[Result "0-1"]
[WhiteTitle "WGM"]
[BlackTitle "GM"]
[WhiteElo "2257"]
[BlackElo "2478"]
[WhiteTeam "Wuxi Huafang Construction Team"]
[BlackTeam "Tianjin Qin Huangdao Team"]
[WhiteFideId "8602611"]
[BlackFideId "13300210"]
[EventDate "2012.04.28"]
[EventType "team"]

1. e4 c5 2. Nf3 e6 3. d4 cxd4 4. Nxd4 Nc6 5. Nc3 a6 6. Be3 Nf6 7. f3 d5 8. exd5
Nxd5 9. Nxd5 Qxd5 10. Nxc6 Qxc6 11. Bd4 f6 12. Bd3 e5 13. Qe2 Be6 14. Bf2 Bb4+
15. Kf1 Rc8 16. a3 Be7 17. h4 O-O 18. Kg1 Bc4 19. c3 Rfd8 20. Bxc4+ Qxc4 21. Re1
Rd3 22. Kh2 b5 23. Qc2 Rcd8 24. Rd1 f5 25. Rxd3 Qxd3 26. Rc1 e4 27. Qb3+ Kh8 28.
fxe4 fxe4 29. Bg3 Bd6 30. Bxd6 Qxd6+ 31. Kh3 e3 32. Qc2 Qe6+ 33. g4 Rf8 34. Qe2
h5 35. Rd1 hxg4+ 36. Kg2 Rf2+ 0-1

[Event "TCh-CHN 2012"]
[Site "Taizhou CHN"]
[Date "2012.06.27"]
[Round "5.1"]
[White "Xiu, Deshun"]
[Black "Gao, Rui"]
[Result "1/2-1/2"]
[WhiteTitle "GM"]
[BlackTitle "IM"]
[WhiteElo "2492"]
[BlackElo "2417"]
[WhiteTeam "Beijing AIGO Team"]
[BlackTeam "Chongqing Team"]
[WhiteFideId "8603693"]
[BlackFideId "8602387"]
[EventDate "2012.04.28"]
[EventType "team"]

1. e4 c5 2. Nf3 Nc6 3. Bb5 d6 4. O-O Bd7 5. Re1 Nf6 6. c3 a6 7. Bxc6 Bxc6 8. d4
Bxe4 9. Bg5 Bd5 10. c4 Bxf3 11. Qxf3 cxd4 12. Qxb7 Rb8 13. Qxa6 e6 14. Na3 Be7
15. Nb5 O-O 16. Nxd4 Rxb2 17. Nc6 Qe8 18. Rab1 Rxb1 19. Rxb1 h6 20. Bf4 e5 21.
Be3 d5 22. Qb7 Ba3 23. Rb3 Qa8 24. Qxa8 Rxa8 25. Ba7 Bd6 26. cxd5 Nxd5 27. Rd3
Nb4 28. Nxb4 Bxb4 29. Rd7 Rc8 30. Be3 Bc5 31. Rd2 Bxe3 32. fxe3 Ra8 33. Kf2 f5
34. h3 Kf7 35. g4 Ke6 36. Rb2 Ra6 37. Kf3 g6 38. gxf5+ Kxf5 39. Rc2 Ra3 40. Rf2
g5 41. Rb2 h5 42. Rb4 Rxa2 43. e4+ Kf6 44. Rb6+ Kf7 45. Rb7+ Ke6 46. Rb6+ Kf7 1/2-1/2

[Event "TCh-CHN 2012"]
[Site "Taizhou CHN"]
[Date "2012.06.27"]
[Round "5.2"]
[White "Huang, Qian"]
[Black "Zhao, Xue"]
[Result "1-0"]
[WhiteTitle "WGM"]
[BlackTitle "GM"]
[WhiteElo "2399"]
[BlackElo "2543"]
[WhiteTeam "Chongqing Team"]
[BlackTeam "Beijing AIGO Team"]
[WhiteFideId "8602689"]
[BlackFideId "8601283"]
[EventDate "2012.04.28"]
[EventType "team"]

1. c4 e6 2. Nc3 d5 3. e3 Nf6 4. Nf3 a6 5. d4 c5 6. dxc5 Bxc5 7. a3 O-O 8. b4 Ba7
9. Bb2 Nc6 10. Rc1 Qe7 11. cxd5 Rd8 12. Be2 exd5 13. Nd4 Nxd4 14. exd4 Ne4 15.
O-O Qg5 16. Qd3 Bf5 17. Qe3 Qf6 18. Nxe4 dxe4 19. Rc7 Bb6 20. Rxb7 Qc6 21. Re7
Qd6 22. Rb7 Bc8 23. Rxb6 Qxb6 24. Qxe4 Bb7 25. Qg4 Rac8 26. Bd3 Qh6 27. Bf5 Rc4
28. Bd3 Rc7 29. Qg3 Qd6 30. Qxd6 Rxd6 31. Re1 f6 32. h4 Kf7 33. a4 g6 34. b5 a5
35. h5 gxh5 36. Bxh7 Bd5 37. Ba3 Re6 38. Rb1 Ba2 39. Rb2 Rc1+ 40. Kh2 Bd5 41. b6
Bb7 42. Bc5 h4 43. Rb1 Rc3 44. d5 Re8 45. Be3 Rc4 46. Bf5 Bxd5 47. Rb5 Bc6 48.
Rxa5 Rxa4 49. Rc5 Bb7 50. Bd7 Rxe3 51. Bxa4 Re7 52. Bd1 Ke8 53. Bg4 Kd8 54. Rh5
Be4 55. Rh8+ Re8 56. Rxe8+ Kxe8 57. Bf3 Bxf3 58. gxf3 Kd7 59. Kh3 Kc6 60. Kxh4 1-0

[Event "TCh-CHN 2012"]
[Site "Taizhou CHN"]
[Date "2012.06.27"]
[Round "5.4"]
[White "Tan, Zhongyi"]
[Black "Wang, Jue"]
[Result "1-0"]
[WhiteTitle "WGM"]
[WhiteElo "2438"]
[BlackElo "2366"]
[WhiteTeam "Chongqing Team"]
[BlackTeam "Beijing AIGO Team"]
[WhiteFideId "8603642"]
[BlackFideId "8604070"]
[EventDate "2012.04.28"]
[EventType "team"]

1. d4 Nf6 2. c4 g6 3. Nf3 Bg7 4. g3 O-O 5. Bg2 d6 6. O-O c6 7. Nc3 Bf5 8. Ne1
Na6 9. e4 Be6 10. b3 Bg4 11. f3 Bd7 12. Be3 e5 13. d5 cxd5 14. cxd5 Rc8 15. Rc1
Qa5 16. Qd2 Nc5 17. Rf2 Nh5 18. Nd1 Qd8 19. Nb2 b5 20. b4 Na6 21. Ned3 f5 22.
Rxc8 Bxc8 23. Rf1 f4 24. Bf2 fxg3 25. hxg3 g5 26. Qe2 Qe8 27. Nd1 Nc7 28. Ne3
Bf6 29. Rc1 Bd8 30. Nf1 Qg6 31. Bxa7 g4 32. f4 exf4 33. Nxf4 Nxf4 34. gxf4 Rxf4
35. Bb6 Rf7 36. e5 Qg5 37. Rc6 Bb7 38. Rxd6 g3 39. Qe3 Rxf1+ 40. Bxf1 Qh4 41.
Rxd8+ Qxd8 42. Qxg3+ Kh8 43. d6 Qd7 44. dxc7 Qd5 45. e6 1-0

[Event "TCh-CHN 2012"]
[Site "Taizhou CHN"]
[Date "2012.06.27"]
[Round "5.5"]
[White "Yu, Yangyi"]
[Black "Motylev, Alexander"]
[Result "1/2-1/2"]
[WhiteTitle "GM"]
[BlackTitle "GM"]
[WhiteElo "2615"]
[BlackElo "2683"]
[WhiteTeam "Beijing AIGO Team"]
[BlackTeam "Chongqing Team"]
[WhiteFideId "8603820"]
[BlackFideId "4121830"]
[EventDate "2012.04.28"]
[EventType "team"]

1. e4 c5 2. Nf3 d6 3. d4 cxd4 4. Nxd4 Nf6 5. Nc3 g6 6. Be3 Bg7 7. Be2 O-O 8. Qd2
Nc6 9. O-O-O Ng4 10. Bxg4 Bxg4 11. f3 Bd7 12. Kb1 Ne5 13. b3 Re8 14. h4 Qa5 15.
Nd5 Qxd2 16. Rxd2 Rac8 17. Ne2 b6 18. h5 f5 19. Bg5 Bf8 20. hxg6 hxg6 21. exf5
Bxf5 22. Ng3 Be6 23. Ne4 Nd7 24. a4 Rc6 25. c4 Bxd5 26. Rxd5 Nc5 27. Kc2 Bg7 28.
Be3 Ne6 29. Kd2 a6 30. Rh4 Rd8 31. Rg4 Nf8 32. Ke2 Rd7 33. Rd1 e6 34. Bd4 d5 35.
Bxg7 Kxg7 36. Nd2 Nh7 37. Rd4 Re7 38. Nf1 Nf6 39. Ne3 e5 40. Rxd5 Nxd5 41. Rxd5
Kf7 42. Kd3 Rf6 43. Ng4 e4+ 44. fxe4 Rf4 45. Ne5+ Kg7 46. Rd7 Rff7 47. Rxe7 Rxe7
48. Kd4 Kf6 49. Ng4+ Ke6 50. Ne3 Rd7+ 51. Nd5 a5 52. e5 g5 53. Ke4 Rf7 54. g3
Rb7 55. Nc3 Rd7 56. Nd5 Rb7 57. Nc3 Rd7 58. Ne2 Rd1 59. Nd4+ Ke7 60. Kd5 g4 61.
Ke4 Rf1 62. Nf5+ Ke6 63. Nd4+ Ke7 64. Kd5 Rd1 65. Ke4 Rf1 66. Nf5+ Ke6 67. Nd4+ 1/2-1/2

[Event "TCh-CHN 2012"]
[Site "Taizhou CHN"]
[Date "2012.06.27"]
[Round "5.2"]
[White "Wang, Xiaohui"]
[Black "Harika, Dronavalli"]
[Result "0-1"]
[WhiteTitle "WIM"]
[BlackTitle "GM"]
[WhiteElo "2209"]
[BlackElo "2501"]
[WhiteTeam "Zhejiang Yinzhou Team"]
[BlackTeam "Chengdu Bank Team"]
[WhiteFideId "8603073"]
[BlackFideId "5015197"]
[EventDate "2012.04.28"]
[EventType "team"]

1. d4 e6 2. c4 d5 3. Nc3 Bb4 4. Nf3 Nf6 5. e3 O-O 6. Qc2 c5 7. a3 Bxc3+ 8. bxc3
Qc7 9. Bd3 dxc4 10. Bxc4 b6 11. O-O cxd4 12. cxd4 Ba6 13. Bd3 Qxc2 14. Bxc2 Rc8
15. Ne1 Bxf1 16. Kxf1 Nc6 17. Bd2 Rc7 18. Rb1 Nd5 19. Bd3 Na5 20. Rb5 Nc3 21.
Rb2 Rac8 22. Ba6 Rd8 23. Nd3 Nd5 24. Bxa5 bxa5 25. Rb5 a4 26. Nc5 Nc3 27. Ra5 e5
28. Nb7 Rd5 29. Rxd5 Nxd5 30. dxe5 Nb4 31. axb4 a3 32. Na5 a2 33. Nb3 Rc3 0-1

[Event "TCh-CHN 2012"]
[Site "Taizhou CHN"]
[Date "2012.06.28"]
[Round "6.1"]
[White "Lin, Chen"]
[Black "Bu, Xiangzhi"]
[Result "1/2-1/2"]
[BlackTitle "GM"]
[WhiteElo "2446"]
[BlackElo "2668"]
[WhiteTeam "Wuxi Huafang Construction Team"]
[BlackTeam "Shandong Gree Team"]
[WhiteFideId "8602298"]
[BlackFideId "8601445"]
[EventDate "2012.04.28"]
[EventType "team"]

1. e4 e5 2. Nf3 Nf6 3. Nxe5 d6 4. Nf3 Nxe4 5. Qe2 Qe7 6. d3 Nf6 7. Bg5 Nbd7 8.
Nc3 Qxe2+ 9. Bxe2 c6 10. O-O-O Be7 11. Rhe1 h6 12. Bh4 O-O 13. Bf1 Re8 14. Ne4
Kf8 15. Bg3 Nxe4 16. dxe4 Nf6 17. h3 d5 18. exd5 Nxd5 19. a3 Be6 20. Bd3 Bf6 21.
Bd6+ Be7 22. Bg3 Bf6 23. Bd6+ Be7 24. Bg3 1/2-1/2

[Event "TCh-CHN 2012"]
[Site "Taizhou CHN"]
[Date "2012.06.28"]
[Round "6.2"]
[White "Sun, Fanghui"]
[Black "Khotenashvili, Bela"]
[Result "0-1"]
[BlackTitle "IM"]
[WhiteElo "2136"]
[BlackElo "2490"]
[WhiteTeam "Shandong Gree Team"]
[BlackTeam "Wuxi Huafang Construction Team"]
[WhiteFideId "8604150"]
[BlackFideId "13602640"]
[EventDate "2012.04.28"]
[EventType "team"]

1. e4 c6 2. d4 d5 3. Nd2 dxe4 4. Nxe4 Bf5 5. Ng3 Bg6 6. h4 h6 7. Nf3 Nd7 8. Bd3
Bxd3 9. Qxd3 e6 10. Bd2 Ngf6 11. O-O-O Be7 12. Ne4 Nxe4 13. Qxe4 Nf6 14. Qe2 Qd5
15. c4 Qe4 16. Qxe4 Nxe4 17. Be3 Nf6 18. Ne5 Bd6 19. f3 h5 20. Bf4 O-O 21. Kc2
Rfd8 22. Rhe1 Rac8 23. Bg5 Re8 24. Kb3 b5 25. a3 bxc4+ 26. Nxc4 Bg3 27. Re2 Nd5
28. Rc2 f6 29. Bd2 c5 30. dxc5 Rxc5 31. Be1 Bxe1 32. Rxe1 e5 33. Ne3 Rb8+ 34.
Ka2 Rxc2 35. Nxc2 Nf4 36. Ne3 Nd3 37. Rb1 Kf7 38. b4 Ke6 39. Rd1 Nf4 40. Rc1 Kd7
41. Rc5 Ne6 42. Ra5 Rb7 43. Nf5 g6 44. Ne3 Nc7 45. Nd5 Nxd5 46. Rxd5+ Ke6 47.
Rd8 Kf5 48. Kb3 Rg7 49. a4 Kf4 50. b5 Kg3 51. Rd2 Kxh4 52. a5 Kg3 53. b6 axb6
54. axb6 h4 55. Kc4 h3 56. gxh3 Kxf3 57. Rb2 Rb7 58. Kd5 e4 59. Rb3+ e3 60. Kc6
Rb8 61. Kc7 Rh8 62. b7 Kf2 63. Rd3 e2 64. Rd8 Rxd8 65. Kxd8 e1=Q 66. b8=Q Qe5
67. Qb3 g5 68. Qc2+ Kg3 69. Qd3+ Kh2 70. Qf3 Qf4 71. Qh5 Qe3 72. Qh6 f5 73. Kc7
Qxh3 0-1

[Event "TCh-CHN 2012"]
[Site "Taizhou CHN"]
[Date "2012.06.28"]
[Round "6.3"]
[White "Wang, Li"]
[Black "Zhao, Jun"]
[Result "1/2-1/2"]
[WhiteTitle "IM"]
[BlackTitle "GM"]
[WhiteElo "2400"]
[BlackElo "2583"]
[WhiteTeam "Wuxi Huafang Construction Team"]
[BlackTeam "Shandong Gree Team"]
[WhiteFideId "8604460"]
[BlackFideId "8602522"]
[EventDate "2012.04.28"]
[EventType "team"]

1. d4 Nf6 2. c4 g6 3. Nc3 Bg7 4. e4 d6 5. Nf3 O-O 6. Be2 e5 7. O-O Na6 8. Re1 c6
9. Bf1 Bg4 10. d5 c5 11. Bg5 h6 12. Be3 Bd7 13. g3 Kh7 14. Nh4 Ng8 15. Qd2 Nc7
16. a3 b6 17. b4 Ne8 18. Rab1 Ne7 19. Bd3 Qc8 20. a4 f5 21. exf5 gxf5 22. bxc5
bxc5 23. a5 Rf6 24. f4 e4 25. Be2 Rf8 26. Rb3 Rb8 27. Rxb8 Qxb8 28. Rb1 Qc8 29.
Nb5 Bxb5 30. Rxb5 Nc7 31. Rb3 Bf6 32. Ng2 Na6 33. Ne1 Qa8 34. Qd1 Rb8 35. Qb1
Rxb3 36. Qxb3 Qb8 37. Qxb8 Nxb8 38. Bd2 Kg6 39. Nc2 Bb2 1/2-1/2

[Event "TCh-CHN 2012"]
[Site "Taizhou CHN"]
[Date "2012.06.28"]
[Round "6.4"]
[White "Zhang, Jilin"]
[Black "Gu, Xiaobing"]
[Result "1/2-1/2"]
[WhiteTitle "WGM"]
[BlackTitle "WGM"]
[WhiteElo "2257"]
[BlackElo "2257"]
[WhiteTeam "Shandong Gree Team"]
[BlackTeam "Wuxi Huafang Construction Team"]
[WhiteFideId "8602867"]
[BlackFideId "8602611"]
[EventDate "2012.04.28"]
[EventType "team"]

1. e4 c5 2. Nf3 d6 3. d4 cxd4 4. Nxd4 Nf6 5. Nc3 a6 6. Be2 e5 7. Nb3 Be7 8. O-O
O-O 9. Be3 Be6 10. Qd2 Nbd7 11. a4 Rc8 12. a5 Qc7 13. Rfc1 Nc5 14. Nxc5 dxc5 15.
Nd5 Bxd5 16. exd5 Bd6 17. c4 Nd7 18. f3 f5 19. h3 Rce8 20. Bd3 e4 21. fxe4 f4
22. Bf2 f3 23. Rf1 fxg2 24. Kxg2 Rf6 25. Ra3 Ne5 26. Bg1 Qf7 27. Rxf6 Qxf6 28.
Kh1 Qh4 29. Qg2 Nxd3 30. Rxd3 Rxe4 31. b3 Qe7 32. Rf3 h6 33. Qf2 Qg5 34. Qg2 Qe5
35. Rf1 Re2 36. Rf2 Re1 37. Rf1 Re2 38. Rf2 Re4 39. Rf1 Re2 40. Rf2 Re1 1/2-1/2

[Event "TCh-CHN 2012"]
[Site "Taizhou CHN"]
[Date "2012.06.28"]
[Round "6.1"]
[White "Ma, Zhonghan"]
[Black "Zhou, Weiqi"]
[Result "0-1"]
[BlackTitle "GM"]
[WhiteElo "2369"]
[BlackElo "2628"]
[WhiteTeam "Qingdao School Team"]
[BlackTeam "Jiangsu Taizhou Team"]
[WhiteFideId "8607206"]
[BlackFideId "8601674"]
[EventDate "2012.04.28"]
[EventType "team"]

1. Nf3 f5 2. c4 Nf6 3. d4 g6 4. g3 Bg7 5. Bg2 O-O 6. O-O d6 7. Nc3 c6 8. d5 e5
9. dxe6 Bxe6 10. Qb3 b5 11. Nd4 Bxc4 12. Qc2 a6 13. Nxc6 Nxc6 14. Bxc6 Rc8 15.
Bb7 Rc7 16. Bxa6 Qa8 17. Nxb5 Rc5 18. Be3 Qxa6 19. Bxc5 Bxb5 20. Bd4 Bxe2 21.
Rfe1 Bd3 22. Qc7 Be4 23. Rac1 Qxa2 24. Qxd6 Qd5 25. Qxd5+ Nxd5 26. Bxg7 Kxg7 27.
Rc5 Bf3 28. Rb5 g5 29. Rb7+ Kg6 30. h4 g4 31. Rd7 Nf6 32. Rd4 Rc8 33. Rd6 Rb8
34. Rd2 Rb6 35. Rc2 Be4 36. Rd2 Kf7 37. Rc1 Ke6 38. Kf1 Nd5 39. Rc8 Bf3 40. Re8+
Kf7 41. Re5 Rc6 42. Re1 Kf6 43. Kg1 Rc5 44. b4 Rb5 45. Rd4 Be4 46. Rc1 Nxb4 47.
Rd7 Nd3 48. Rd1 Rb3 49. Rxh7 Nxf2 50. Kxf2 Rf3+ 51. Ke1 Rxg3 52. Kf2 Rf3+ 53.
Ke2 Rh3 54. Rg1 Ke5 55. h5 Rh2+ 56. Kd1 Kf6 57. Ke1 f4 58. Rxg4 Bxh7 59. Rxf4+
Bf5 60. Rf2 Rxh5 61. Kd2 Ke5 62. Rg2 Kd4 63. Ke2 Be4 64. Rg3 Rh2+ 65. Kf1 Ke5
66. Ke1 Kf4 67. Ra3 Bf3 68. Ra7 Re2+ 69. Kf1 Rb2 70. Ra5 Kg3 71. Rg5+ Bg4 72.
Ke1 Re2+ 73. Kf1 Rd2 74. Re5 Rd1+ 75. Re1 Rd5 76. Re7 Kf3 77. Rf7+ Bf5 78. Ke1
Ke3 79. Kf1 Be4 80. Kg1 Rh5 0-1

[Event "TCh-CHN 2012"]
[Site "Taizhou CHN"]
[Date "2012.06.28"]
[Round "6.2"]
[White "Shen, Yang"]
[Black "Pham, Le Thao Nguyen"]
[Result "1-0"]
[WhiteTitle "WGM"]
[BlackTitle "WGM"]
[WhiteElo "2440"]
[BlackElo "2351"]
[WhiteTeam "Jiangsu Taizhou Team"]
[BlackTeam "Qingdao School Team"]
[WhiteFideId "8603162"]
[BlackFideId "12401226"]
[EventDate "2012.04.28"]
[EventType "team"]

1. d4 d5 2. Nf3 c6 3. c4 Nf6 4. Qb3 g6 5. Nc3 Bg7 6. cxd5 Nxd5 7. e4 Nb6 8. Be3
Be6 9. Qd1 O-O 10. Be2 Bc4 11. O-O N8d7 12. Bg5 Re8 13. Rc1 Nf8 14. Bxc4 Nxc4
15. Qe2 Nb6 16. Rfd1 Rc8 17. g3 Qd7 18. Kg2 Qe6 19. Be3 Qc4 20. Qc2 Qa6 21. b3
Ne6 22. Qb2 Nd7 23. Qb1 b5 24. a4 b4 25. d5 cxd5 26. Nxd5 Rxc1 27. Qxc1 Qb7 28.
Qc4 a5 29. Rc1 Nef8 30. Qc7 Qa8 31. Rc4 f5 32. Qc6 Qxc6 33. Rxc6 fxe4 34. Nd2
Nf6 35. Nxf6+ exf6 36. Nc4 f5 37. Nxa5 Ne6 38. Rc4 Bf8 39. Nc6 g5 40. Bb6 Ng7
41. Nxb4 Bxb4 42. Rxb4 f4 43. Kf1 Kf7 44. a5 Nf5 45. a6 1-0

[Event "TCh-CHN 2012"]
[Site "Taizhou CHN"]
[Date "2012.06.28"]
[Round "6.3"]
[White "Mu, Ke"]
[Black "Wei, Yi"]
[Result "0-1"]
[BlackTitle "FM"]
[WhiteElo "2286"]
[BlackElo "2371"]
[WhiteTeam "Qingdao School Team"]
[BlackTeam "Jiangsu Taizhou Team"]
[WhiteFideId "8602778"]
[BlackFideId "8603405"]
[EventDate "2012.04.28"]
[EventType "team"]

1. c4 e6 2. Nc3 Nf6 3. d4 Bb4 4. a3 Bxc3+ 5. bxc3 c5 6. e3 Nc6 7. Bd3 e5 8. Ne2
e4 9. Bb1 b6 10. Ng3 Ba6 11. f3 exf3 12. Qxf3 Bxc4 13. Nf5 O-O 14. e4 cxd4 15.
cxd4 d6 16. Qg3 Nh5 17. Qg4 g6 18. Bg5 f6 19. Be3 d5 20. Kf2 Qc8 21. Rc1 Kh8 22.
Qh4 Qe6 23. exd5 Bxd5 24. Re1 Rae8 25. Bd3 Be4 26. Bxe4 Qxe4 27. Qxe4 Rxe4 28.
Nd6 Re6 29. Bh6 Rxe1 30. Rxe1 Ng7 31. d5 Ne5 32. Re4 Kg8 33. Nb5 Rd8 34. Nxa7
Rxd5 35. Nc8 Rc5 36. Bxg7 Kxg7 37. Nxb6 f5 38. Rd4 Rc2+ 39. Kg1 Ng4 40. Rc4 Rb2
41. Rb4 Ra2 42. Rb1 Ne3 43. g3 Rxa3 44. Rc1 Ra2 45. Nc4 Ng4 46. h4 Nf6 47. Nd6
Kh6 48. Rd1 Ra3 0-1

[Event "TCh-CHN 2012"]
[Site "Taizhou CHN"]
[Date "2012.06.28"]
[Round "6.4"]
[White "Guo, Qi"]
[Black "Gong, Qianyun"]
[Result "1-0"]
[WhiteTitle "WGM"]
[BlackTitle "WIM"]
[WhiteElo "2351"]
[BlackElo "2302"]
[WhiteTeam "Jiangsu Taizhou Team"]
[BlackTeam "Qingdao School Team"]
[WhiteFideId "8604002"]
[BlackFideId "8602425"]
[EventDate "2012.04.28"]
[EventType "team"]

1. d4 Nf6 2. c4 g6 3. Nc3 d5 4. Nf3 Bg7 5. Qb3 dxc4 6. Qxc4 O-O 7. e4 a6 8. Be2
b5 9. Qd3 Bb7 10. e5 Nd5 11. Ne4 Nb4 12. Qb1 Qd5 13. Nc3 Qd8 14. a3 N4c6 15. Be3
f6 16. Qa2+ Kh8 17. d5 Nxe5 18. Nxe5 fxe5 19. h4 e4 20. Rd1 Bxc3+ 21. bxc3 Nd7
22. c4 Nf6 23. g4 bxc4 24. g5 c3 25. gxf6 exf6 26. Qb3 c2 27. Qxc2 Bxd5 28. h5
g5 29. h6 c6 30. Qc3 Rb8 31. Bxg5 e3 32. Bxe3 Qe8 33. Rg1 Rb3 34. Qc5 Rg8 35.
Rxg8+ Qxg8 36. Qe7 Qg1+ 37. Bf1 1-0

[Event "TCh-CHN 2012"]
[Site "Taizhou CHN"]
[Date "2012.06.28"]
[Round "6.5"]
[White "Nguyen, Ngoc Truong Son"]
[Black "Hou, Yifan"]
[Result "1/2-1/2"]
[WhiteTitle "GM"]
[BlackTitle "GM"]
[WhiteElo "2662"]
[BlackElo "2639"]
[WhiteTeam "Qingdao School Team"]
[BlackTeam "Jiangsu Taizhou Team"]
[WhiteFideId "12401110"]
[BlackFideId "8602980"]
[EventDate "2012.04.28"]
[EventType "team"]

1. d4 Nf6 2. c4 e6 3. Nc3 Bb4 4. Qc2 d5 5. cxd5 exd5 6. Bg5 c5 7. dxc5 h6 8. Bh4
g5 9. Bg3 Ne4 10. e3 Qa5 11. Rc1 Qxa2 12. Bb5+ Bd7 13. Bxd7+ Nxd7 14. Ne2 Nxc3
15. Nxc3 Qc4 16. Bd6 Nxc5 17. Bxc5 Qxc5 18. O-O Bxc3 19. Qf5 O-O 20. Rxc3 Qd6
21. Rd1 Rad8 22. Rcd3 Qe6 23. g4 Rfe8 24. Rxd5 Qxf5 25. gxf5 Rxd5 26. Rxd5 Re4
27. Rb5 b6 28. Kg2 Kg7 29. Kf3 Rh4 30. Kg3 Re4 31. Kf3 1/2-1/2

[Event "TCh-CHN 2012"]
[Site "Taizhou CHN"]
[Date "2012.06.28"]
[Round "6.5"]
[White "Wang, Chen"]
[Black "Liu, Guanchu"]
[Result "1/2-1/2"]
[WhiteTitle "IM"]
[WhiteElo "2490"]
[BlackElo "2260"]
[WhiteTeam "Chongqing Team"]
[BlackTeam "Chengdu Bank Team"]
[WhiteFideId "8601020"]
[BlackFideId "8603901"]
[EventDate "2012.04.28"]
[EventType "team"]

1. e4 Nf6 2. Nc3 d5 3. exd5 Nxd5 4. Bc4 c6 5. Qf3 Be6 6. Ne4 Nc7 7. d3 Bxc4 8.
dxc4 Ne6 9. Ne2 g6 10. h4 Bg7 11. Ng5 Nxg5 12. hxg5 Nd7 13. Nc3 Ne5 14. Qe4 Qa5
15. Be3 O-O-O 16. c5 f5 17. gxf6 exf6 18. Qa4 Qxa4 19. Nxa4 Ng4 20. Rd1 Nxe3 21.
fxe3 h5 22. b4 f5 23. Ke2 Rhe8 24. Rxd8+ Kxd8 25. Rd1+ Ke7 26. c4 Kf7 27. Kf2
Be5 28. b5 Ke6 29. Rd3 Rc8 30. Rb3 g5 31. Nb2 cxb5 32. Rxb5 Bxb2 33. Rxb2 Rc7
34. Rb5 h4 35. c6 bxc6 36. Rc5 g4 37. a4 Kf6 38. a5 a6 39. Kf1 Rc8 40. Kf2 Rc7
41. Kf1 Ke6 42. Kf2 Rc8 43. Kf1 Rc7 44. Kf2 Kf6 1/2-1/2

[Event "TCh-CHN 2012"]
[Site "Taizhou CHN"]
[Date "2012.06.28"]
[Round "6.3"]
[White "Ma, Qun"]
[Black "Xiu, Deshun"]
[Result "1/2-1/2"]
[BlackTitle "GM"]
[WhiteElo "2481"]
[BlackElo "2492"]
[WhiteTeam "Tianjin Qin Huangdao Team"]
[BlackTeam "Beijing AIGO Team"]
[WhiteFideId "8603154"]
[BlackFideId "8603693"]
[EventDate "2012.04.28"]
[EventType "team"]

1. e4 c5 2. Nf3 d6 3. Bb5+ Nd7 4. O-O a6 5. Bxd7+ Bxd7 6. c3 e6 7. d4 Ne7 8. Bg5
h6 9. Bh4 Qc7 10. Bg3 Ng6 11. Nbd2 Be7 12. e5 cxd4 13. exd6 Bxd6 14. Bxd6 Qxd6
15. Nc4 Qc7 16. Qxd4 O-O 17. Nce5 Nxe5 18. Qxe5 Qxe5 19. Nxe5 Rfd8 20. Rfd1 Be8
21. Nc4 Kf8 22. Nb6 Rab8 23. f3 Ke7 24. Kf2 Rd6 25. Rxd6 Kxd6 26. a4 Kc7 27. a5
Rd8 28. Ke2 Bc6 29. h4 f5 30. b4 e5 31. Rb1 Be8 32. Re1 Bc6 33. Rb1 Be8 34. Rg1
Bc6 35. Rc1 Kb8 36. h5 e4 37. Ke3 Rd3+ 38. Kf4 exf3 39. gxf3 Bxf3 40. Rg1 Bg4
41. c4 Kc7 42. Ke5 Rh3 43. Nd5+ Kd7 44. Nb6+ Kc6 45. Re1 Rxh5 46. Kd4 f4 47. Re7
f3 48. Nd5 f2 49. Rxg7 Rh4 50. Ke5 Rh5+ 51. Kd4 Bf3 52. Rc7+ Kd6 53. c5+ Ke6 54.
Re7+ Kf5 55. Rf7+ Kg4 56. Ne3+ Kg3 57. Nf1+ Kg2 58. Ne3+ Kg3 59. Nf1+ Kg2 60.
Ne3+ Kg3 61. Nf1+ 1/2-1/2

[Event "TCh-CHN 2012"]
[Site "Taizhou CHN"]
[Date "2012.06.29"]
[Round "7.2"]
[White "Gu, Xiaobing"]
[Black "Zhao, Xue"]
[Result "0-1"]
[WhiteTitle "WGM"]
[BlackTitle "GM"]
[WhiteElo "2257"]
[BlackElo "2543"]
[WhiteTeam "Wuxi Huafang Construction Team"]
[BlackTeam "Beijing AIGO Team"]
[WhiteFideId "8602611"]
[BlackFideId "8601283"]
[EventDate "2012.04.28"]
[EventType "team"]

1. e4 e5 2. Nf3 Nc6 3. Bb5 Nf6 4. d3 d6 5. O-O g6 6. d4 Bd7 7. d5 Ne7 8. Bxd7+
Qxd7 9. Re1 Bg7 10. c4 O-O 11. c5 Rfd8 12. Nbd2 Ne8 13. Nc4 h6 14. Qb3 b5 15.
Na3 dxc5 16. Qxb5 Qxb5 17. Nxb5 c6 18. dxc6 Nxc6 19. Be3 Nd4 20. Na3 Rdb8 21.
Bxd4 cxd4 22. Nc4 f6 23. g3 Rc8 24. Rac1 h5 25. Nh4 Bh6 26. Nxg6 Bxc1 27. Ne7+
Kf8 28. Nxc8 Rxc8 29. Rxc1 Nd6 30. b3 Nxe4 31. f3 Nc3 32. Kf2 Ke7 33. Ke1 Ke6
34. Kd2 f5 35. Nb2 Rg8 36. Nd3 h4 37. Re1 e4 38. Nf4+ Ke5 39. Rg1 exf3 40. Nd3+
Kd6 41. Rf1 hxg3 42. hxg3 Rxg3 43. Ne1 Ne4+ 44. Kd1 f2 45. Nc2 Rg1 0-1

[Event "TCh-CHN 2012"]
[Site "Taizhou CHN"]
[Date "2012.06.29"]
[Round "7.4"]
[White "Khotenashvili, Bela"]
[Black "Wang, Jue"]
[Result "1-0"]
[WhiteTitle "IM"]
[WhiteElo "2490"]
[BlackElo "2366"]
[WhiteTeam "Wuxi Huafang Construction Team"]
[BlackTeam "Beijing AIGO Team"]
[WhiteFideId "13602640"]
[BlackFideId "8604070"]
[EventDate "2012.04.28"]
[EventType "team"]

1. d4 Nf6 2. c4 g6 3. Nf3 Bg7 4. g3 O-O 5. Bg2 d6 6. O-O Nc6 7. Nc3 a6 8. e3 Bd7
9. Qe2 e5 10. dxe5 dxe5 11. Rd1 Qe7 12. e4 Bg4 13. Nd5 Qd6 14. Be3 Nxd5 15. cxd5
Nd4 16. Bxd4 exd4 17. h3 Bxf3 18. Qxf3 Rae8 19. Re1 Re7 20. Qb3 c6 21. f4 cxd5
22. e5 Qc5 23. Rac1 Qa5 24. Red1 Bh6 25. h4 Rd8 26. Rc2 Re6 27. Rxd4 Rb6 28. Qc3
Qxc3 29. Rxc3 Rxb2 30. Bxd5 Kh8 31. Rdd3 Rd7 32. Bb3 Re7 33. Rc8+ Kg7 34. Rdd8
Bxf4 35. gxf4 Kh6 36. Rc2 Rxc2 37. Bxc2 Rc7 38. Bb3 b5 39. Rf8 Kg7 40. Ra8 Rd7
41. Rxa6 b4 42. Kf2 Rd2+ 43. Ke3 1-0